01122nas a2200277Ia 4500001002800000003001000028008004100038040002500079041001300104100001900117210004300136222004300179245007600222250001100298260000900309501012300318300001400441362001600455500009200471650002300563700001100586942000700597957000600604999003300610952020100643A04/R039-11977 [r000009267]IT-MiCISF161014c99999999xx |||||||||||| ||und|| aIT-MiCISFcIT-MiCISF aITALIANO aCalvi Gabriele aStudi interdisciplinari sulla famiglia aStudi interdisciplinari sulla famiglia 0aLa ricerca psicografica: come gli italiani pensano e vivono la famiglia a1a ed. c1990 bCISF - Centro Internazionale Studi Famiglia - Via Giotto, 36 20145 MILANO (non commercial uses only)cCopyright 2016 app. 85-97 an. 9 [1990] a Tema: psicologia, famiglia, società, matrimonio, stile-di-vita, valori, comparazione aFAMIGLIAvindagine aAA.VV. cCR 71 a11977bSig1c247162d247162 0010406A_04_000000000000000_R03911977_R00000926771aCISFbCISFd2016-10-14l0oA04/R039-11977 [r000009267]r2016-10-14 00:00:00w2016-10-14yCRzData import 15.10.2016 / by Epidotti, Vaglietti